A course in english communication: (Record no. 8502)

MARC details
000 -LEADER
fixed length control field 00614 a2200181 4500
010 ## - LCCN (DPL NO)
LC control number ENG-88487
020 ## - INTERNATIONAL STANDARD BOOK NUMBER
International Standard Book Number 9788120330726
Terms of availability 175.00
035 ## - SYSTEM CONTROL NUMBER
System control number EN-72020
037 ## - SOURCE OF ACQUISITION
Source of stock number/acquisition DBAD / PUB
082 14 - DEWEY DECIMAL CLASSIFICATION NUMBER
Classification number 488.34
100 1# - MAIN ENTRY--PERSONAL NAME
Personal name Apte, Madhavi
245 1# - TITLE STATEMENT
Title A course in english communication:
Statement of responsibility, etc by Madhavi Apte
Remainder of title for the learners of english as a second language/
260 ## - PUBLICATION, DISTRIBUTION, ETC. (IMPRINT)
Place of publication, distribution, etc New Delhi
Name of publisher, distributor, etc Prentice-Hall of India
Date of publication, distribution, etc 2007
270 ## - ADDRESS
Address M-97, Connaught Circus,
City New Delhi
Postal code 110 001
300 ## - PHYSICAL DESCRIPTION
Extent viii, 204p.
Dimensions 23cm (pbk)
500 ## - GENERAL NOTE
General note Includes bibliographical references
942 ## - ADDED ENTRY ELEMENTS (KOHA)
Institution code [OBSOLETE] dpl
Item type English Books
Source of classification or shelving scheme Dewey Decimal Classification
Classification part 488.34
Call number suffix APT
Holdings
Withdrawn status Lost status Not for loan Collection code Home library Current library Source of acquisition Cost, normal purchase price Full call number Barcode Copy number Cost, replacement price Koha item type
    Not For Loan Non-fiction D.B.Act.Division D.B.Act.Division DBAD/PUB 175.00 488.34 APT EN-72020 1 175.00 English Books

© Delhi Public Library
Hit Counter
free hit counter